LIBRARY & INFORMATION CENTRE, KCAET, TAVANUR

ONLINE PUBLIC ACCESS CATALOGUE (OPAC)

Machines for power farming / (Record no. 9415)

MARC details
000 -LEADER
fixed length control field 00483cam a2200193ua 4500
041 ## - LANGUAGE CODE
Language code of text/sound track or separate title eng
082 ## - DEWEY DECIMAL CLASSIFICATION NUMBER
Classification number 631.37
Item number STO/MA
100 ## - MAIN ENTRY--AUTHOR NAME
Personal name Stone, Archie A .
245 ## - TITLE STATEMENT
Title Machines for power farming /
250 ## - EDITION STATEMENT
Edition statement 3 /
260 ## - PUBLICATION, DISTRIBUTION, ETC. (IMPRINT)
Place of publication London :
Name of publisher John Wiley & Sons ,
Year of publication 1977.
300 ## - PHYSICAL DESCRIPTION
Number of Pages 533 ; .
700 1# - ADDED ENTRY--PERSONAL NAME
Personal name Gulvin, Harold E .
942 ## - ADDED ENTRY ELEMENTS (KOHA)
Koha item type Books
Holdings
Withdrawn status Lost status Damaged status Home library Current library Date acquired Full call number Accession Number Koha item type
      KAUAET KAUAET 07/04/2012 631.37 19459 Books
free website counter